000 00286nam a22001217a 4500
008 181123b xxu||||| |||| 00| 0 eng d
041 _aeng
080 _a043.3
100 _a0
101 _aMTH-SHKI
245 _aSiguria dhe Sfidat në Teknologjinë e VOIP
_cSyla,B
942 _2udc
_cBK
999 _c52441
_d52441